Language Quiz

Random Language or Country Quiz

Country Names in their National Language Quiz Stats

Quiz not verified by Sporcle

Challenge
Share
Tweet
Embed
Score 0/25 Timer 05:00
0 Plays Today
Endonym Country % Correct
EspañaSpain
98.1%
PolskaPoland
95.8%
NorgeNorway
94.6%
Yisra'elIsrael
91.9%
MakedonijaMacedonia
89.8%
KyprosCyprus
87.4%
SchweizSwitzerland
86.2%
ÖsterreichAustria
85.2%
SverigeSweden
84.6%
‘UmānOman
84.2%
HellasGreece
82.4%
NipponJapan
81.9%
LubnānLebanon
74.7%
Endonym Country % Correct
SuomiFinland
70.3%
MagyarországHungary
65.7%
KampucheaCambodia
61.9%
Al-’UrdunJordan
46.9%
ChosŏnNorth Korea
43.4%
Al-’ImāratUnited Arab Emirates
42.5%
HangukSouth Korea
41.3%
ShqipëriaAlbania
36%
MişrEgypt
35%
HayastánArmenia
26.2%
Sak'art'veloGeorgia
23.6%
Druk YulBhutan
23.4%

You're not logged in!

Compare scores with friends on all Sporcle quizzes.
Sign Up with Email
OR
Log In

You Might Also Like...

Show Comments

Extras

Top Quizzes Today


Score Distribution

Your Account Isn't Verified!

In order to create a playlist on Sporcle, you need to verify the email address you used during registration. Go to your Sporcle Settings to finish the process.